[Event "Gibraltar Chess Festival 2017 - Masters"]
[Site "Gibraltar ENG"]
[Date "2017.01.30"]
[Round "7.64"]
[White "Ladron De Guevara Pinto, Paolo"]
[Black "Heinemann, Josefine"]
[Result "1-0"]
[WhiteElo "2386"]
[BlackElo "2227"]
[PlyCount "159"]
[EventDate "2017.01.24"]
[EventType "swiss"]
[EventRounds "10"]
[EventCountry "ENG"]
[SourceTitle "Ajedrez en Madrid"]
[Source "lmi"]
[SourceDate "2017.01.24"]

1. e4 e5 2. Nc3 Nf6 3. g3 d5 4. exd5 Nxd5 5. Bg2 Nxc3 6. bxc3 Bd6 7. Ne2 O-O 8.
O-O c6 9. d3 Bg4 10. h3 Bh5 11. g4 Bg6 12. Ng3 Nd7 13. Rb1 Nb6 14. c4 Qc7 15.
h4 f6 16. h5 Bf7 17. Be3 Nd7 18. Nf5 b6 19. Be4 Be6 20. Qf3 Rac8 21. Kg2 Bc5
22. Bxc5 Nxc5 23. Ne3 Qd7 24. Rg1 Nxe4 25. Qxe4 Rce8 26. Nf5 g6 27. hxg6 hxg6
28. Kf1 Bxf5 29. gxf5 g5 30. Rh1 Kg7 31. Ke2 Rh8 32. a4 Rb8 33. c3 Rbd8 34. Ra1
Rb8 35. Rag1 Rbc8 36. Rxg5+ fxg5 37. Qxe5+ Kf7 38. Rxh8 Rxh8 39. Qxh8 Qxf5 40.
Qh5+ Kg7 41. Qf3 Qa5 42. Qxc6 Qxc3 43. Qd7+ Kg6 44. Qd6+ Kg7 45. Kf3 Qc2 46.
Qd7+ Kg6 47. Kg3 Qd1 48. Kg2 a5 49. Qc6+ Kg7 50. Qc7+ Kg8 51. Qd8+ Kf7 52. Qd7+
Kg6 53. d4 Qe2 54. Qc6+ Kg7 55. Qb7+ Kh8 56. Qb8+ Kg7 57. Qc7+ Kg8 58. Qd8+ Kf7
59. Qd5+ Kg6 60. Kg3 Qd3+ 61. f3 Qd1 62. Qe4+ Kf6 63. Qc6+ Kf5 64. Qb5+ Kg6 65.
Qxb6+ Kh5 66. d5 Qxa4 67. Qb7 Qc2 68. d6 a4 69. Qf7+ Kh6 70. d7 Qd1 71. Qf8+
Kh5 72. Qe8+ Kh6 73. d8=Q Qg1+ 74. Kh3 Qf1+ 75. Kg4 Qg2+ 76. Kf5 Qxf3+ 77. Ke5
Qe3+ 78. Kd5 Qd3+ 79. Kc5 Qa3+ 80. Kc6 1-0

[Event "Gibraltar Chess Festival 2017 - Masters"]
[Site "Gibraltar ENG"]
[Date "2017.01.30"]
[Round "7.65"]
[White "Herman, Matthew J"]
[Black "Gluckman, David"]
[Result "1-0"]
[WhiteElo "2383"]
[BlackElo "2215"]
[PlyCount "119"]
[EventDate "2017.01.24"]
[EventType "swiss"]
[EventRounds "10"]
[EventCountry "ENG"]
[SourceTitle "Ajedrez en Madrid"]
[Source "lmi"]
[SourceDate "2017.01.24"]

1. d4 e6 2. e4 d5 3. Nc3 Nf6 4. e5 Nfd7 5. Nce2 c5 6. c3 Nc6 7. f4 f5 8. Nf3
cxd4 9. cxd4 Be7 10. Be3 Nb6 11. b3 Bd7 12. Rg1 Qc7 13. Rc1 O-O-O 14. Rc2 Kb8
15. Nc1 Rc8 16. Nd3 Qd8 17. Qd2 Be8 18. Nc5 Bf7 19. Bb5 Nd7 20. b4 Bh5 21. Bxc6
Rxc6 22. b5 Rc8 23. Nxe6 Qb6 24. Nxg7 Bxf3 25. gxf3 Qxb5 26. Kf2 Bh4+ 27. Kg2
Rxc2 28. Qxc2 Rc8 29. Qd2 Qa4 30. Kh3 Rc2 31. Qd3 Qxa2 32. Kxh4 Rxh2+ 33. Kg3
Rh6 34. Qd2 Qa6 35. e6 Nf6 36. Nxf5 Rg6+ 37. Kf2 Qxe6 38. Rxg6 hxg6 39. Ng3 Qh3
40. Nf1 Nh5 41. Qa5 Qd7 42. Nh2 b6 43. Qa3 Qf5 44. Qd6+ Kb7 45. Ng4 Qc2+ 46.
Kg1 Ka6 47. Qxd5 Qd1+ 48. Kh2 Qe2+ 49. Bf2 Nf6 50. Nxf6 Qxf2+ 51. Kh3 b5 52.
Qc6+ Ka5 53. Qc7+ Ka6 54. Qd6+ Kb7 55. Nd5 Qxf3+ 56. Kh4 Qf2+ 57. Kg5 Qg1+ 58.
Kh6 Qxd4 59. Qd7+ Kb8 60. Qc7+ 1-0

[Event "Gibraltar Chess Festival 2017 - Masters"]
[Site "Gibraltar ENG"]
[Date "2017.01.30"]
[Round "7.66"]
[White "Nomin-Erdene, Davaademberel"]
[Black "Galmandakh, Badrakh"]
[Result "0-1"]
[WhiteElo "2378"]
[BlackElo "2215"]
[PlyCount "174"]
[EventDate "2017.01.24"]
[EventType "swiss"]
[EventRounds "10"]
[EventCountry "ENG"]
[SourceTitle "Ajedrez en Madrid"]
[Source "lmi"]
[SourceDate "2017.01.24"]

1. e4 d6 2. d4 Nf6 3. Nc3 c6 4. h3 Qa5 5. Bd2 e5 6. Nf3 Qc7 7. a4 Be7 8. Bc4
O-O 9. O-O Nbd7 10. Re1 b6 11. Bd3 Re8 12. Ne2 Bf8 13. Ng3 g6 14. c3 Bg7 15.
Rc1 Bb7 16. b4 Rad8 17. Qb3 d5 18. exd5 cxd5 19. dxe5 Nxe5 20. Nxe5 Rxe5 21.
Red1 Ree8 22. Ne2 Ne4 23. Be3 Qe7 24. Bb5 Rf8 25. Nd4 Rc8 26. Be2 Qh4 27. Bf3
Qe7 28. Ne2 Be5 29. Bd4 Bb8 30. Re1 Nd2 31. Qc2 Nxf3+ 32. gxf3 Qh4 33. Kg2 Rfe8
34. Qd3 Bc6 35. Ng3 Bd7 36. Rh1 Bxa4 37. Be3 Bb3 38. Qd4 Qxd4 39. Bxd4 Bc4 40.
Rhe1 Kf8 41. Ra1 Rc6 42. Bg7+ Kxg7 43. Rxe8 Bf4 44. Rxa7 Bd2 45. Ree7 Rf6 46.
Ra3 Be1 47. Ra1 Bd2 48. Ne2 Bxe2 49. Rxe2 Bxc3 50. b5 d4 51. Ra7 Rf5 52. Ree7
g5 53. Rac7 Bb4 54. Red7 Bc5 55. Rd8 h6 56. Rc6 h5 57. f4 gxf4 58. Kf3 Re5 59.
Rc7 Kg6 60. Rdd7 f6 61. Rg7+ Kf5 62. Rc6 Rd5 63. Rh7 Kg6 64. Rcc7 Bf8 65. Rhd7
Rxb5 66. Rc8 Bh6 67. Ke4 Re5+ 68. Kxd4 f3 69. Rg8+ Kf5 70. Rh7 Be3+ 71. Kd3 Kf4
72. Rf7 f5 73. fxe3+ Rxe3+ 74. Kd2 Re2+ 75. Kd1 Re5 76. Rg1 f2 77. Rh1 Kf3 78.
Rg7 h4 79. Rg5 Kf4 80. Rg6 Kf3 81. Rg5 Rd5+ 82. Kc2 Rc5+ 83. Kd3 f4 84. Rg4
Rd5+ 85. Kc2 Re5 86. Kd2 Re2+ 87. Kd1 Ra2 0-1

[Event "Gibraltar Chess Festival 2017 - Masters"]
[Site "Gibraltar ENG"]
[Date "2017.01.30"]
[Round "7.67"]
[White "Veltkamp, Gerben"]
[Black "Szabo, Bence"]
[Result "0-1"]
[WhiteElo "2166"]
[BlackElo "2378"]
[PlyCount "112"]
[EventDate "2017.01.24"]
[EventType "swiss"]
[EventRounds "10"]
[EventCountry "ENG"]
[SourceTitle "Ajedrez en Madrid"]
[Source "lmi"]
[SourceDate "2017.01.24"]

1. e4 c5 2. c3 d5 3. exd5 Qxd5 4. d4 Nf6 5. Nf3 e6 6. Na3 Nc6 7. Be2 a6 8. Nc4
Qd8 9. Nce5 Nxe5 10. dxe5 Qxd1+ 11. Kxd1 Nd7 12. Bf4 h6 13. h4 g6 14. a4 b6 15.
Nd2 Bb7 16. Bf3 Bxf3+ 17. Nxf3 O-O-O 18. Kc2 Be7 19. Rae1 Nb8 20. Re4 Nc6 21.
Nd2 Kb7 22. Be3 Rd5 23. f4 h5 24. g3 Rhd8 25. Ra1 Ra8 26. Nc4 Rdd8 27. Bf2 b5
28. Nd2 c4 29. axb5 axb5 30. Rxa8 Rxa8 31. Nf3 Ra1 32. Re1 Rxe1 33. Nxe1 Na5
34. Nf3 Nb3 35. Nd2 Nxd2 36. Kxd2 Kc6 37. Bd4 Kd5 38. Ke3 Bd8 39. Ba7 Bc7 40.
Kf3 Ba5 41. Be3 b4 42. Bd2 bxc3 43. Bxc3 Bd8 44. Ke3 Bb6+ 45. Kf3 Bd4 46. g4
hxg4+ 47. Kxg4 Bxc3 48. bxc3 Ke4 49. Kg5 Kd3 50. f5 exf5 51. e6 fxe6 52. Kxg6
f4 53. h5 f3 54. h6 f2 55. h7 f1=Q 56. h8=Q Qf5+ 0-1

[Event "Gibraltar Chess Festival 2017 - Masters"]
[Site "Gibraltar ENG"]
[Date "2017.01.30"]
[Round "7.70"]
[White "Lazarne Vajda, Szidonia"]
[Black "Finsterwalder, Sebastian"]
[Result "0-1"]
[WhiteElo "2364"]
[BlackElo "2130"]
[PlyCount "104"]
[EventDate "2017.01.24"]
[EventType "swiss"]
[EventRounds "10"]
[EventCountry "ENG"]
[SourceTitle "Ajedrez en Madrid"]
[Source "lmi"]
[SourceDate "2017.01.24"]

1. e4 e6 2. d4 d5 3. Nd2 Nf6 4. e5 Nfd7 5. Bd3 c5 6. c3 Nc6 7. Ne2 cxd4 8. cxd4
f6 9. exf6 Nxf6 10. O-O Bd6 11. Nf3 O-O 12. Bf4 Nh5 13. Bxd6 Qxd6 14. Qd2 Bd7
15. Qe3 Nf4 16. Ne5 Nxe2+ 17. Qxe2 Nxd4 18. Qh5 Nf5 19. Rae1 Be8 20. Qg5 Rf6
21. h4 Nh6 22. Re3 Nf7 23. Nxf7 Rxf7 24. Rfe1 Bd7 25. Rg3 Qf4 26. Qh5 Qxf2+ 27.
Kh2 Qxe1 28. Qxh7+ Kf8 29. Qh8+ Ke7 30. Qxa8 Qb4 31. Qxa7 e5 32. Qe3 Qxh4+ 33.
Kg1 e4 34. Be2 Qf4 35. Qa3+ Qd6 36. Qe3 Qf4 37. Qa3+ Qd6 38. Qe3 Bf5 39. Bh5 g6
40. Qg5+ Qf6 41. Bxg6 Rg7 42. Qd2 Qb6+ 43. Kh2 Rxg6 44. Rb3 Rh6+ 45. Kg3 Qd6+
46. Kf2 Bc8 47. Qe3 Rh4 48. g3 Rh6 49. Kg2 Rf6 50. Qg5 Qe6 51. Qg7+ Rf7 52.
Qg5+ Qf6 0-1

[Event "Gibraltar Chess Festival 2017 - Masters"]
[Site "Gibraltar ENG"]
[Date "2017.01.30"]
[Round "7.72"]
[White "Vuilleumier, Alexandre"]
[Black "Seraoui, Mohcen"]
[Result "1/2-1/2"]
[WhiteElo "2347"]
[BlackElo "2100"]
[PlyCount "113"]
[EventDate "2017.01.24"]
[EventType "swiss"]
[EventRounds "10"]
[EventCountry "ENG"]
[SourceTitle "Ajedrez en Madrid"]
[Source "lmi"]
[SourceDate "2017.01.24"]

1. Nf3 Nf6 2. g3 g6 3. Bg2 Bg7 4. O-O O-O 5. d4 d6 6. Nc3 Nbd7 7. e4 e5 8. a4
a5 9. dxe5 dxe5 10. b3 b6 11. Ba3 Re8 12. Qc1 Bb7 13. Re1 Bf8 14. Bxf8 Nxf8 15.
Qe3 Qe7 16. h3 Rad8 17. Bf1 Ne6 18. Rad1 Qc5 19. Qxc5 Nxc5 20. Rxd8 Rxd8 21.
Nxe5 Nfxe4 22. Nxe4 Bxe4 23. c3 Re8 24. b4 Rxe5 25. bxc5 Re6 26. cxb6 cxb6 27.
Bc4 Bd5 28. Rxe6 Bxe6 29. Bxe6 fxe6 30. f4 e5 31. Kf2 exf4 32. gxf4 Kf7 33. Ke3
Kf6 34. Kd4 Kf5 35. Kd5 Kxf4 36. Kc6 g5 37. Kxb6 h5 38. c4 g4 39. hxg4 hxg4 40.
c5 g3 41. c6 g2 42. c7 g1=Q+ 43. Kb7 Qb1+ 44. Ka7 Qc2 45. Kb7 Qb3+ 46. Ka7 Qc4
47. Kb7 Qb4+ 48. Ka7 Qc5+ 49. Kb7 Qd5+ 50. Kb8 Qd6 51. Kb7 Qd7 52. Kb8 Ke5 53.
c8=Q Qxc8+ 54. Kxc8 Kd5 55. Kd7 Kc5 56. Ke6 Kb4 57. Kd5 1/2-1/2

[Event "Gibraltar Chess Festival 2017 - Masters"]
[Site "Gibraltar ENG"]
[Date "2017.01.30"]
[Round "7.73"]
[White "Sodoma, Jan"]
[Black "Amgalanbaatar, Ravdanlkhumbuu"]
[Result "1/2-1/2"]
[WhiteElo "2344"]
[BlackElo "1988"]
[PlyCount "51"]
[EventDate "2017.01.24"]
[EventType "swiss"]
[EventRounds "10"]
[EventCountry "ENG"]
[SourceTitle "Ajedrez en Madrid"]
[Source "lmi"]
[SourceDate "2017.01.24"]

1. d4 d6 2. e4 Nf6 3. f3 Nbd7 4. Be3 e5 5. Ne2 Be7 6. Qd2 c6 7. c4 O-O 8. Nbc3
d5 9. cxd5 cxd5 10. exd5 exd4 11. Nxd4 Nb6 12. d6 Bxd6 13. Ndb5 Be5 14. f4
Qxd2+ 15. Bxd2 Bb8 16. Be2 Nbd5 17. O-O a6 18. Na3 Ba7+ 19. Kh1 Nxc3 20. Bxc3
Ne4 21. Bf3 Nf2+ 22. Kg1 Nh3+ 23. Kh1 Nf2+ 24. Kg1 Nh3+ 25. Kh1 Nf2+ 26. Kg1
1/2-1/2

[Event "Gibraltar Chess Festival 2017 - Masters"]
[Site "Gibraltar ENG"]
[Date "2017.01.30"]
[Round "7.74"]
[White "Perez Garcia, Alejandro"]
[Black "Herbold, Manfred"]
[Result "1/2-1/2"]
[WhiteElo "2398"]
[BlackElo "2198"]
[PlyCount "94"]
[EventDate "2017.01.24"]
[EventType "swiss"]
[EventRounds "10"]
[EventCountry "ENG"]
[SourceTitle "Ajedrez en Madrid"]
[Source "lmi"]
[SourceDate "2017.01.24"]

1. d4 e6 2. c4 Nf6 3. g3 c5 4. d5 exd5 5. cxd5 d6 6. Nc3 g6 7. Nf3 Bg7 8. Bg2
O-O 9. O-O Re8 10. Re1 Na6 11. e4 Bg4 12. Bf4 Nh5 13. Bd2 Qd7 14. Qb3 Rab8 15.
Nb5 Nc7 16. Nxc7 Qxc7 17. Bc3 b5 18. Bxg7 Kxg7 19. Qc3+ f6 20. h3 Bxf3 21. Bxf3
Qf7 22. Kh2 Kh8 23. Bxh5 gxh5 24. Re3 b4 25. Qd3 Rg8 26. Rae1 Qe7 27. f4 h4 28.
g4 h5 29. Qe2 Qg7 30. g5 fxg5 31. Qxh5+ Qh7 32. Qxh7+ Kxh7 33. f5 Rb6 34. e5
dxe5 35. Rxe5 Ra6 36. R1e2 c4 37. Re6 Rxa2 38. d6 c3 39. Re7+ Kh8 40. bxc3
Rxe2+ 41. Rxe2 Rd8 42. cxb4 Rxd6 43. Rg2 Rd4 44. b5 Rb4 45. Rxg5 Rb2+ 46. Kg1
Rxb5 47. Kf2 Kh7 1/2-1/2

[Event "Gibraltar Chess Festival 2017 - Masters"]
[Site "Gibraltar ENG"]
[Date "2017.01.30"]
[Round "7.75"]
[White "Tveten, Per"]
[Black "Reuben, Stewart"]
[Result "0-1"]
[WhiteElo "1486"]
[BlackElo "2076"]
[PlyCount "108"]
[EventDate "2017.01.24"]
[EventType "swiss"]
[EventRounds "10"]
[EventCountry "ENG"]
[SourceTitle "Ajedrez en Madrid"]
[Source "lmi"]
[SourceDate "2017.01.24"]

1. e4 c5 2. Nf3 Nc6 3. c4 g6 4. Nc3 Bg7 5. g3 e6 6. Bg2 Nge7 7. d3 O-O 8. O-O
d5 9. cxd5 exd5 10. exd5 Nxd5 11. Nxd5 Qxd5 12. Ne1 Qd6 13. Bf4 Ne5 14. Qd2 Rb8
15. Rd1 Bg4 16. f3 Be6 17. b3 Rbd8 18. Bxe5 Bxe5 19. f4 Bd4+ 20. Kh1 Bg4 21.
Bf3 Bxf3+ 22. Nxf3 Qd5 23. Qg2 Bc3 24. Ne1 Rfe8 25. Qxd5 Rxd5 26. Rc1 Bb4 27.
a4 Bxe1 28. Rfxe1 Rxe1+ 29. Rxe1 Rxd3 30. Re8+ Kg7 31. b4 cxb4 32. Re7 Ra3 33.
a5 Rxa5 34. Rxb7 Ra1+ 35. Kg2 a5 36. Rb5 Ra3 37. Kf1 b3 38. Ke1 a4 39. Kd1 Ra2
40. Kc1 Rxh2 41. Rb4 Ra2 42. Kb1 h5 43. Rb5 Kf6 44. Rb4 Kf5 45. Rb5+ Kg4 46.
Rg5+ Kf3 47. f5 a3 48. fxg6 Re2 49. Rc5 Re1+ 50. Rc1 a2+ 51. Kb2 Rxc1 52. gxf7
a1=Q+ 53. Kxb3 Rc3+ 54. Kb4 Qb2+ 0-1

[Event "Gibraltar Chess Festival 2017 - Masters"]
[Site "Gibraltar ENG"]
[Date "2017.01.30"]
[Round "7.76"]
[White "Guerra Rivera, Salvador"]
[Black "Osuna Vega, Enrique"]
[Result "1/2-1/2"]
[WhiteElo "2389"]
[BlackElo "2181"]
[PlyCount "130"]
[EventDate "2017.01.24"]
[EventType "swiss"]
[EventRounds "10"]
[EventCountry "ENG"]
[SourceTitle "Ajedrez en Madrid"]
[Source "lmi"]
[SourceDate "2017.01.24"]

1. e4 d6 2. d4 Nf6 3. Nc3 e5 4. Nf3 Nbd7 5. Bc4 Be7 6. a4 a5 7. O-O O-O 8. Re1
c6 9. h3 Nb6 10. Bb3 Nfd7 11. Be3 exd4 12. Bxd4 Nc5 13. Bxc5 dxc5 14. Qe2 Qd6
15. Qe3 Qg6 16. Ne2 Qd6 17. Ng3 Qc7 18. Qc3 g6 19. Re3 c4 20. Bxc4 Bb4 21. Qb3
Bc5 22. Rc3 Bb4 23. Rd3 Nxc4 24. Qxc4 b6 25. Qd4 Ba6 26. Qd7 Qf4 27. Rdd1 Bc5
28. Qg4 Qxg4 29. hxg4 Rfe8 30. e5 Kg7 31. Rd2 Bc8 32. g5 Bg4 33. Re1 Rad8 34.
Rxd8 Rxd8 35. Ne4 Rd5 36. Nc3 Rd7 37. Re2 Be7 38. Ne4 Rd5 39. Nc3 Rd7 40. Ne4
Rd5 41. Nf6 Bxf6 42. gxf6+ Kf8 43. Re4 Bxf3 44. gxf3 Ke8 45. e6 Rf5 46. exf7+
Kxf7 47. Re7+ Kxf6 48. Rxh7 Rc5 49. c3 b5 50. axb5 cxb5 51. Ra7 a4 52. Ra6+ Kf5
53. Kg2 g5 54. Kg3 Rd5 55. Rb6 Re5 56. Rb8 Rc5 57. Rf8+ Kg6 58. Rg8+ Kf5 59.
Rb8 Rd5 60. Rf8+ Kg6 61. f4 Rd2 62. fxg5 Kxg5 63. f4+ Kg6 64. Kf3 Rxb2 65. Ke4
b4 1/2-1/2

[Event "Gibraltar Chess Festival 2017 - Masters"]
[Site "Gibraltar ENG"]
[Date "2017.01.30"]
[Round "7.77"]
[White "Jessel, Stephen"]
[Black "Semprun Martinez, Fernando"]
[Result "1/2-1/2"]
[WhiteElo "2382"]
[BlackElo "2174"]
[PlyCount "123"]
[EventDate "2017.01.24"]
[EventType "swiss"]
[EventRounds "10"]
[EventCountry "ENG"]
[SourceTitle "Ajedrez en Madrid"]
[Source "lmi"]
[SourceDate "2017.01.24"]

1. Nf3 d5 2. c4 d4 3. g3 Nc6 4. Bg2 e5 5. d3 Nf6 6. O-O a5 7. e3 Bc5 8. exd4
Bxd4 9. Nxd4 Nxd4 10. h3 O-O 11. Kh2 c6 12. f4 Re8 13. Nc3 h6 14. fxe5 Rxe5 15.
Bf4 Re8 16. Qd2 Bf5 17. Rad1 Bg6 18. Qf2 Nh5 19. Be3 Nf5 20. Bb6 Qb8 21. Ne4
Rxe4 22. dxe4 Nfxg3 23. Rd8+ Qxd8 24. Bxd8 Nxf1+ 25. Qxf1 Rxd8 26. Qe1 Nf4 27.
Qxa5 Re8 28. Qc7 Nxg2 29. Kxg2 Rxe4 30. Qxb7 Rxc4 31. Kg3 h5 32. h4 Rg4+ 33.
Kf2 Rxh4 34. Qb8+ Kh7 35. b4 Rc4 36. a4 c5 37. bxc5 Rxc5 38. Qb6 Re5 39. Kg3
Re4 40. Qb5 h4+ 41. Kh3 Rf4 42. a5 Bf5+ 43. Kh2 g6 44. a6 h3 45. a7 Rf2+ 46.
Kg3 Rg2+ 47. Kf3 Bg4+ 48. Ke3 h2 49. Qf1 Rg3+ 50. Kd4 Bf3 51. a8=Q Bxa8 52.
Qxf7+ Kh6 53. Qf8+ Kg5 54. Qd8+ Kg4 55. Qxa8 Rh3 56. Qh1 g5 57. Ke4 Kh5 58. Kf5
g4 59. Kf4 Rf3+ 60. Ke4 Rh3 61. Kf5 Rf3+ 62. Ke4 1/2-1/2

[Event "Gibraltar Chess Festival 2017 - Masters"]
[Site "Gibraltar ENG"]
[Date "2017.01.30"]
[Round "7.79"]
[White "Baert, Andy"]
[Black "De Haan, Eric"]
[Result "1/2-1/2"]
[WhiteElo "2210"]
[BlackElo "2319"]
[PlyCount "60"]
[EventDate "2017.01.24"]
[EventType "swiss"]
[EventRounds "10"]
[EventCountry "ENG"]
[SourceTitle "Ajedrez en Madrid"]
[Source "lmi"]
[SourceDate "2017.01.24"]

1. e4 e5 2. Nf3 Nc6 3. Bb5 Nf6 4. O-O Nxe4 5. Re1 Nd6 6. Nxe5 Be7 7. Bf1 Nxe5
8. Rxe5 O-O 9. d4 Bf6 10. Re1 Re8 11. Bf4 Rxe1 12. Qxe1 Ne8 13. c3 d5 14. Bd3
g6 15. Na3 c6 16. Nc2 Ng7 17. a4 Bf5 18. Bxf5 Nxf5 19. Ne3 Nxe3 20. Qxe3 Qe7
21. Qxe7 Bxe7 22. Re1 Bf8 23. h3 f6 24. g4 Kf7 25. f3 Re8 26. Rxe8 Kxe8 27. Kf2
Kd7 28. Ke2 Ke6 29. Kd3 a6 30. a5 Be7 1/2-1/2

[Event "Gibraltar Chess Festival 2017 - Masters"]
[Site "Gibraltar ENG"]
[Date "2017.01.30"]
[Round "7.81"]
[White "Chan, Kim Yew"]
[Black "Webb, Laurence E"]
[Result "0-1"]
[WhiteElo "2152"]
[BlackElo "2313"]
[PlyCount "137"]
[EventDate "2017.01.24"]
[EventType "swiss"]
[EventRounds "10"]
[EventCountry "ENG"]
[SourceTitle "Ajedrez en Madrid"]
[Source "lmi"]
[SourceDate "2017.01.24"]

1. d4 Nf6 2. c4 e6 3. g3 c5 4. Nf3 cxd4 5. Nxd4 d5 6. Bg2 e5 7. Nb3 d4 8. O-O
Nc6 9. e3 Bg4 10. f3 Be6 11. exd4 exd4 12. Bg5 Bxc4 13. Re1+ Be7 14. Bxf6 gxf6
15. N1d2 Bd5 16. Ne4 O-O 17. Kh1 f5 18. Nec5 b6 19. Nd3 Bd6 20. Qc1 Qf6 21. Nf4
Bxf4 22. Qxf4 Rad8 23. Nc1 Rfe8 24. Nd3 Rxe1+ 25. Rxe1 Bxa2 26. Bh3 Bc4 27.
Bxf5 Bxd3 28. Bxh7+ Kg7 29. Qxf6+ Kxf6 30. Bxd3 Ne5 31. Rd1 Nxd3 32. Rxd3 Ke5
33. Kg2 a5 34. Kf2 b5 35. Ra3 a4 36. Ke2 Kd5 37. Kd2 Ra8 38. b3 Kc5 39. bxa4
Rxa4 40. Rb3 Ra2+ 41. Kd3 Rxh2 42. Rb1 Rf2 43. Rc1+ Kd5 44. Rb1 Rxf3+ 45. Ke2
Re3+ 46. Kd2 Rxg3 47. Rxb5+ Ke4 48. Rb7 Rg2+ 49. Ke1 f5 50. Re7+ Kd5 51. Rf7
Ke6 52. Rf8 Ra2 53. Rd8 Ke5 54. Re8+ Kf4 55. Rd8 Ke3 56. Re8+ Kd3 57. Rf8 Ra5
58. Rf7 Re5+ 59. Kd1 Ke3 60. Ke1 f4 61. Rf8 d3 62. Rd8 f3 63. Rd7 Re4 64. Rd8
f2+ 65. Kf1 d2 66. Rd7 Rd4 67. Re7+ Kd3 68. Kxf2 d1=Q 69. Re3+ 0-1

[Event "Gibraltar Chess Festival 2017 - Masters"]
[Site "Gibraltar ENG"]
[Date "2017.01.30"]
[Round "7.88"]
[White "Kantane, Anna"]
[Black "Skutta, Bernd"]
[Result "1-0"]
[WhiteElo "2259"]
[BlackElo "1957"]
[PlyCount "59"]
[EventDate "2017.01.24"]
[EventType "swiss"]
[EventRounds "10"]
[EventCountry "ENG"]
[SourceTitle "Ajedrez en Madrid"]
[Source "lmi"]
[SourceDate "2017.01.24"]

1. e4 d6 2. d4 Nf6 3. Nc3 e5 4. Nf3 Nbd7 5. Bc4 Be7 6. O-O O-O 7. Re1 c6 8. a4
h6 9. a5 Qc7 10. h3 Re8 11. Be3 Nf8 12. Qd2 Ng6 13. Bxh6 gxh6 14. Qxh6 d5 15.
exd5 cxd5 16. Bxd5 Nxd5 17. Nxd5 Qc6 18. Nxe5 Nxe5 19. Nxe7+ Rxe7 20. Qg5+ Kf8
21. Rxe5 Rxe5 22. Qxe5 f6 23. Qf4 Qe6 24. Ra3 Qf5 25. Qd6+ Kf7 26. Rf3 Qe6 27.
Qd8 Qe7 28. Qh8 Kg6 29. Rg3+ Kf5 30. Qh5+ 1-0

[Event "Gibraltar Chess Festival 2017 - Masters"]
[Site "Gibraltar ENG"]
[Date "2017.01.30"]
[Round "7.89"]
[White "Burke, Mitchell R"]
[Black "Sanchez Jerez, Emilio Miguel"]
[Result "0-1"]
[WhiteElo "1975"]
[BlackElo "2257"]
[PlyCount "66"]
[EventDate "2017.01.24"]
[EventType "swiss"]
[EventRounds "10"]
[EventCountry "ENG"]
[SourceTitle "Ajedrez en Madrid"]
[Source "lmi"]
[SourceDate "2017.01.24"]

1. e4 e6 2. d4 c5 3. c3 Nf6 4. Bd3 cxd4 5. cxd4 Nc6 6. Nf3 Nb4 7. Nc3 Nxd3+ 8.
Qxd3 d6 9. O-O Be7 10. Bf4 O-O 11. Rfd1 d5 12. e5 Nh5 13. Bd2 f5 14. exf6 gxf6
15. Bh6 Rf7 16. g4 Ng7 17. Kh1 Bd7 18. Rg1 e5 19. Nh4 exd4 20. Ne2 Ne6 21. Nf5
Nc5 22. Qxd4 Ne6 23. Qd3 d4 24. f3 Bc6 25. Raf1 Bc5 26. Bd2 Kh8 27. b4 Bb6 28.
Nf4 Nxf4 29. Bxf4 Qd5 30. a4 Bxa4 31. Qa3 Bc6 32. Nd6 Re7 33. Ne4 Rxe4 0-1

[Event "Gibraltar Chess Festival 2017 - Masters"]
[Site "Gibraltar ENG"]
[Date "2017.01.30"]
[Round "7.90"]
[White "Plotkin, Victor"]
[Black "Gluckman, Paul"]
[Result "1/2-1/2"]
[WhiteElo "2253"]
[BlackElo "1831"]
[PlyCount "136"]
[EventDate "2017.01.24"]
[EventType "swiss"]
[EventRounds "10"]
[EventCountry "ENG"]
[SourceTitle "Ajedrez en Madrid"]
[Source "lmi"]
[SourceDate "2017.01.24"]

1. e4 c5 2. c3 e6 3. d4 d5 4. exd5 Qxd5 5. Nf3 Nf6 6. Be3 cxd4 7. cxd4 Be7 8.
Nc3 Qd8 9. Bd3 O-O 10. O-O b6 11. Qe2 Bb7 12. Rac1 Nbd7 13. Rfd1 Nd5 14. Nxd5
Bxd5 15. Bf4 Nf6 16. Ne5 Rc8 17. a3 Rxc1 18. Rxc1 Qa8 19. f3 Rc8 20. Qd1 Bb7
21. Rxc8+ Qxc8 22. Qa4 a6 23. Qc2 Qxc2 24. Bxc2 b5 25. Bd2 Nd5 26. Kf2 h6 27.
Nd3 Bd6 28. g3 Bc8 29. Ne5 Kf8 30. Bb3 Nc7 31. Nd3 Ke7 32. Ba5 Ne8 33. Bb6 Nf6
34. Bc5 Nd7 35. Bc2 Bb7 36. b4 Nf6 37. Ne5 Ne8 38. Ke3 f6 39. Nd3 Nc7 40. Bb3
Kd7 41. Nf4 Bxf4+ 42. Kxf4 Ke8 43. Ke3 Nd5+ 44. Kd2 Nc7 45. Bc2 Kf7 46. f4 f5
47. Bd1 Nd5 48. Bf3 Bc6 49. Be2 Nf6 50. a4 Ne4+ 51. Kc2 Nf6 52. Bd6 Nd5 53. a5
Nf6 54. Bc5 Nd5 55. Kd3 Nf6 56. Kd2 Nd5 57. Ke1 Bd7 58. Bf3 Bc6 59. Kf2 Bb7 60.
Bd6 Bc6 61. g4 g6 62. Kg3 fxg4 63. Bxg4 Ne3 64. Bh3 Nf5+ 65. Bxf5 gxf5 66. Kf2
Bd5 67. Ke3 Kg6 68. Bf8 Kh7 1/2-1/2

[Event "Gibraltar Chess Festival 2017 - Masters"]
[Site "Gibraltar ENG"]
[Date "2017.01.30"]
[Round "7.91"]
[White "Broekman, Willem"]
[Black "De Francesco, Klaus"]
[Result "0-1"]
[WhiteElo "1997"]
[BlackElo "2252"]
[PlyCount "50"]
[EventDate "2017.01.24"]
[EventType "swiss"]
[EventRounds "10"]
[EventCountry "ENG"]
[SourceTitle "Ajedrez en Madrid"]
[Source "lmi"]
[SourceDate "2017.01.24"]

1. d4 Nf6 2. c4 e6 3. Nc3 Bb4 4. Qc2 O-O 5. a3 Bxc3+ 6. Qxc3 d5 7. Bg5 c5 8.
dxc5 d4 9. Qc2 e5 10. Rd1 h6 11. Bh4 Qa5+ 12. Qd2 Qxd2+ 13. Rxd2 Ne4 14. Rd1 g5
15. Bg3 Nd7 16. f3 Nxg3 17. hxg3 Kg7 18. e3 dxe3 19. c6 bxc6 20. Rd6 Nf6 21.
Rxc6 Rd8 22. Ne2 Rd2 23. Nc3 Rxb2 24. Nd5 Bb7 25. Rd6 Nxd5 0-1

[Event "Gibraltar Chess Festival 2017 - Masters"]
[Site "Gibraltar ENG"]
[Date "2017.01.30"]
[Round "7.92"]
[White "Gillis Onieva, Celia"]
[Black "Vea, Odin Blikra"]
[Result "1/2-1/2"]
[WhiteElo "1966"]
[BlackElo "2234"]
[PlyCount "105"]
[EventDate "2017.01.24"]
[EventType "swiss"]
[EventRounds "10"]
[EventCountry "ENG"]
[SourceTitle "Ajedrez en Madrid"]
[Source "lmi"]
[SourceDate "2017.01.24"]

1. Nf3 f5 2. d4 Nf6 3. c4 g6 4. g3 Bg7 5. Bg2 O-O 6. O-O d6 7. b3 c5 8. Bb2
cxd4 9. Nxd4 e5 10. Nb5 Ne8 11. c5 Nc6 12. Nxd6 Nxd6 13. cxd6 Rf6 14. Bd5+ Kh8
15. Bxc6 Rxd6 16. Qc2 Rxc6 17. Nc3 Be6 18. Rac1 Rac8 19. Qb1 Qe8 20. Qa1 Bf7
21. Rfd1 Kg8 22. Nd5 Rxc1 23. Bxc1 Rd8 24. Nc3 e4 25. Bb2 e3 26. Rxd8 exf2+ 27.
Kxf2 Qxd8 28. Na4 Bh6 29. Bd4 f4 30. Qc3 fxg3+ 31. hxg3 Bd5 32. Nb2 b5 33. Nd3
Qf8+ 34. Kg1 Qf5 35. Nf4 Bxf4 36. gxf4 Qg4+ 37. Kf2 Qxf4+ 38. Ke1 Kf7 39. Bxa7
g5 40. Qe3 Qxe3 41. Bxe3 h6 42. a4 b4 43. a5 Bxb3 44. Bd2 Bd5 45. Bxb4 h5 46.
Kf2 Ke6 47. Kg3 Kf5 48. a6 h4+ 49. Kh3 Be6 50. Be1 Ke4+ 51. Kh2 Ke3 52. a7 Bd5
53. Bxh4 1/2-1/2